00847nam a22002417a 45000010005000000030006000050050017000110080041000280400029000690500008000980820015001061000045001212450102001662600106002683000048003745050008004225200054004305200034004845210029005185210020005476500023005676500015005908098FISKH20260323112806.0250822b cb ||||| |||| 00| 0 eng d aFISKHbkhrcFISKHdFISKH aPZ7 a398.209596 aMinistry of Education, Youth and Sports  aទីងមោង / cក្រសួងអប់រំ យុវជន និងកីឡា​ aភ្នំពេញ :bក្រសួងអប់រំ យុវជន និងកីឡា​ , a16 pages : bcolor illustrations ;c25 cm . aJ  aចែមខ្លាចទីងមោង ។​ aChem is afraid of centipedes.8 a500 bLexile estimate 8 aJ bRaz-Plus  aទីងមោង aCentipede.